Maritime piracy / (Record no. 2992)
[ view plain ]
| 000 -LEADER | |
|---|---|
| fixed length control field | 01716cam a2200397Ii 4500 |
| 008 - FIXED-LENGTH DATA ELEMENTS--GENERAL INFORMATION | |
| fixed length control field | 180706s2012 enkab ob 001 0 eng d |
| 020 ## - INTERNATIONAL STANDARD BOOK NUMBER | |
| International Standard Book Number | 9780203144817 |
| Qualifying information | (e-book : PDF) |
| 020 ## - INTERNATIONAL STANDARD BOOK NUMBER | |
| International Standard Book Number | 9781136504259 |
| Qualifying information | (e-book: PDF) |
| 020 ## - INTERNATIONAL STANDARD BOOK NUMBER | |
| International Standard Book Number | 9781136504204 |
| Qualifying information | (e-book: Mobi) |
| 020 ## - INTERNATIONAL STANDARD BOOK NUMBER | |
| International Standard Book Number | 9781136504242 |
| Qualifying information | (e-book: ePub) |
| 020 ## - INTERNATIONAL STANDARD BOOK NUMBER | |
| Qualifying information | (hardback) |
| 020 ## - INTERNATIONAL STANDARD BOOK NUMBER | |
| Qualifying information | (paperback) |
| 040 ## - CATALOGING SOURCE | |
| Original cataloging agency | IMU Kochi Library |
| Language of cataloging | eng |
| 041 0# - LANGUAGE CODE | |
| Language code of text/sound track or separate title | eng |
| 082 04 - DEWEY DECIMAL CLASSIFICATION NUMBER | |
| Classification number | 364.164 |
| Item number | H427 |
| 100 1# - MAIN ENTRY--PERSONAL NAME | |
| Personal name | Haywood, Robert., |
| 245 10 - TITLE STATEMENT | |
| Title | Maritime piracy / |
| 300 ## - PHYSICAL DESCRIPTION | |
| Extent | 1 online resource (xxiii, 156 pages) |
| 490 1# - SERIES STATEMENT | |
| Series statement | Routledge global institutions series ; |
| Volume number/sequential designation | 63 |
| 504 ## - BIBLIOGRAPHY, ETC. NOTE | |
| Bibliography, etc | Includes bibliographical references (pages [124]-146) and index. |
| 505 0# - FORMATTED CONTENTS NOTE | |
| Formatted contents note | 1. Piracy : the nature of the problem -- 2. History -- 3. The nuts and bolts of twenty-first century maritime governance relevant to combating piracy -- 4. Evolving norms and conventions -- 5. Current debates -- 6. Key gaps and criticisms -- 7. Emerging trends and future directions. |
| 650 #0 - SUBJECT ADDED ENTRY--TOPICAL TERM | |
| Topical term or geographic name as entry element | Piracy |
| General subdivision | Prevention |
| -- | International cooperation. |
| 650 #0 - SUBJECT ADDED ENTRY--TOPICAL TERM | |
| Topical term or geographic name as entry element | Hijacking of ships |
| General subdivision | Prevention |
| -- | International cooperation. |
| 650 #0 - SUBJECT ADDED ENTRY--TOPICAL TERM | |
| Topical term or geographic name as entry element | Maritime terrorism |
| General subdivision | Prevention |
| -- | International cooperation. |
| 650 #0 - SUBJECT ADDED ENTRY--TOPICAL TERM | |
| Topical term or geographic name as entry element | Merchant marine |
| General subdivision | Security measures. |
| 650 #0 - SUBJECT ADDED ENTRY--TOPICAL TERM | |
| Topical term or geographic name as entry element | Shipping |
| General subdivision | Security measures. |
| 700 1# - ADDED ENTRY--PERSONAL NAME | |
| Personal name | Spivak, Roberta. |
| 830 #0 - SERIES ADDED ENTRY--UNIFORM TITLE | |
| Uniform title | Global institutions series ; |
| Volume number/sequential designation | 63. |
| 856 40 - ELECTRONIC LOCATION AND ACCESS | |
| Uniform Resource Identifier | <a href="https://www.taylorfrancis.com/books/9781136504259">https://www.taylorfrancis.com/books/9781136504259</a> |
| Public note | Click here to view. |
| 904 ## - LOCAL DATA ELEMENT D, LDD (RLIN) | |
| CATALOGER | Rudra Ranjan |
| 905 ## - LOCAL DATA ELEMENT E, LDE (RLIN) | |
| VERIFIER | Rudra Ranjan |
| 942 ## - ADDED ENTRY ELEMENTS (KOHA) | |
| Item type | E-Book |
| 264 #1 - | |
| -- | London : |
| -- | Routledge, |
| -- | 2012. |
No items available.